01160nam a2200229 a 450000100100000000500170001000800410002702000180006804000250008608200150011110000350012624501230016126000430028430000190032749000720034650001220041850000800054050001380062071000540075870000460081283000720085800004670620201002053048.0180320s2015 dr r 000 0 spa d a9789945900415 aDO-SdBNPbspacBNPHU axxxxbI37m1 aIncháustegui, María Isabel10aMódulo 1. Taller 3. Textos funcionales : documentos personales, listas y rótulos /cMaría Isabel Incháustegui. aSanto Domingo :bMINERD ;bOEI,c2015. a21p. ;c28 cm.1 aDesarrollo profesional docente, enseñanza de la lengua española aPolítica de apoyo a los aprendizajes de los primeros grados de nivel primario en lectura, escritura y matemática. aRegional educativa 05 San Pedro de Macorís, 12 Higüey, y 17 Monte Plata aA la cabeza del título: Desarrollo Profesional Docente. Capacitación de Docentes para la Enseñanza de la Lectura y la Escritura1 aRepública DominicanabMinisterio de Educación12aOrganización de Estados Iberoamericanos 0aDesarrollo profesional docente, enseñanza de la lengua española